LEADER 00979nam0-2200289 --450 001 9910509605803321 005 20211209114045.0 010 $a978-88-6822-907-8 100 $a20211209d2020----kmuy0itay5050 ba 101 0 $aita$cita 102 $aIT 105 $ay 001yy 200 1 $aLeadership, carisma e personalizzazione della politica nelle sinistre europee in età contemporanea$fa cura di Katia Massara e Paolo Perri 210 $aCosenza$cPellegrini Editore$d2020 215 $a284 p.$d21 cm 225 1 $aThesaurus-scientifica 610 0 $aPartiti di sinistra$aEuropa$aSec. 20. 676 $a324.217094$v21$zita 702 1$aPerri,$bPaolo 702 1$aMassara,$bKatia 801 0$aIT$bUNINA$gREICAT$2UNIMARC 901 $aBK 912 $a9910509605803321 952 $aXII A 1623$b2916/2021$fFSPBC 959 $aFSPBC 996 $aLeadership, carisma e personalizzazione della politica nelle sinistre europee in età contemporanea$92541574 997 $aUNINA LEADER 03277nam 2200553 450 001 9910790175703321 005 20230725032933.0 010 $a84-7245-765-6 035 $a(CKB)2670000000163775 035 $a(EBL)678696 035 $a(OCoLC)780425427 035 $a(SSID)ssj0000661886 035 $a(PQKBManifestationID)12322750 035 $a(PQKBTitleCode)TC0000661886 035 $a(PQKBWorkID)10713912 035 $a(PQKB)22606269 035 $a(MiAaPQ)EBC678696 035 $a(Au-PeEL)EBL678696 035 $a(EXLCZ)992670000000163775 100 $a20220516d2010 uy 0 101 0 $aspa 135 $aur|n|---||||| 181 $ctxt 182 $cc 183 $acr 200 14$aLas diosas de cada mujer $euna nueva psicologi?a femenina /$fJean Shinoda Bolen 210 1$aBarcelona, Spain :$cEditorial Kairo?s,$d[2010] 210 4$d©2010 215 $a1 online resource (498 p.) 300 $aDescription based upon print version of record. 311 $a84-7245-285-9 327 $aCubierta; Ti?tulo; Cre?ditos; Dedicatoria; Pro?logo; Agradecimientos; Introduccio?n: Hay diosas en cada mujer; Capi?tulo 1 - Las diosas como ima?genes internas; Capi?tulo 2 - Activando las diosas; Capi?tulo 3 - Las diosas vi?rgenes: Artemisa, Atenea y Hestia; Capi?tulo 4 - Artemisa: Diosa de la caza y de la luna, rival y hermana; Capi?tulo 5 - Atenea: Diosa de la sabiduri?a y de la artesani?a, estratega e hija del padre; Capi?tulo 6 - Hestia: Diosa del hogar y de los templos, mujer sabia y ti?a soltera; Capi?tulo 7 - Las diosas vulnerables: Hera, Deme?ter y Perse?fone 327 $aCapi?tulo 8 - Hera: Diosa del matrimonio, arti?fice del compromiso y esposaCapi?tulo 9 - Deme?ter: Diosa de las cosechas, nutridora y madre; Capi?tulo 10 - Perse?fone: La doncella y reina del mundo subterra?neo, mujer receptiva e hija de la madre; Capi?tulo 11 - Las diosas alqui?micas; Capi?tulo 12 - Afrodita: Diosa del amor y de la belleza, mujer creativa y amante; Capi?tulo 13 - ¿Que? diosa consigue la manzana de oro?; Capi?tulo 14 - Hay una heroi?na en cada mujer; Ape?ndice: Quie?n es quie?n en la mitologi?a griega; Notas; Bibliografi?a; Sumario 330 $aDismantling powerful cultural stereotypes, this seminal feminist text reveals the powerful forces that influence women. The Jungian psychological perspective of this book, whose English publication has been referred to in mythological, psychological, literary, dramatic, and women's studies contexts, offers alternatives to the restrictive dichotomies of masculine/feminine, mother/lover, careerist/housewife. Seven archetypal goddesses, or personality types, are the basis of this discussion, from the autonomous Artemis and the cool Athena to the nurturing Demeter and the creative Aphrodite.< 606 $aGoddesses 606 $aMaturation$xPsychology 606 $aWomen$xPsychology 615 0$aGoddesses. 615 0$aMaturation$xPsychology. 615 0$aWomen$xPsychology. 676 $a291.2114 700 $aBolen$b Jean Shinoda$0526903 801 0$bMiAaPQ 801 1$bMiAaPQ 801 2$bMiAaPQ 906 $aBOOK 912 $a9910790175703321 996 $aLas diosas de cada mujer$93796668 997 $aUNINA